| 000 | 00506nmm a2200157Ia 4500 | ||
|---|---|---|---|
| 008 | 251105s9999||||xx |||||||||||||||||und|| | ||
| 020 | _a9789562849593 | ||
| 041 | _aspa | ||
| 100 | _aBenítez, Hermes | ||
| 245 | 0 | _aPensando a Allende : Escritos interpretativos y de investigación | |
| 264 |
_a[Santiago de Chile, Chile] : _bRil editores, _c2013 |
||
| 300 | _a246 páginas | ||
| 650 | _aHistory of the Americas: Latin America | ||
| 856 | _uhttps://public.digitaliapublishing.com/a/25601 | ||
| 942 | _cCF | ||
| 999 |
_c94611 _d94611 |
||